Statistics for SCP Object Classes

Click here to take the quiz!

General Stats

  • This quiz has been taken 178 times
    (106 since last reset)
  • The average score is 5 of 7

Answer Stats

HintAnswer% Correct
Anomalies that are easily and safely containedSafe
97%
Anomalies that require more resources to contain completely or where containment isn't always reliableEuclid
85%
Anomalies that are exceedingly difficult to contain consistently or reliably, with containment procedures often being extensive and complexKeter
85%
Anomalies that the Foundation specifically uses to contain other SCPsThaumiel
69%
Anomalies that are no longer anomalousNeutralized
67%
Anomalies that cannot be contained, are expected to breach containment imminently, or some other similar scenarioApollyon
63%
Anomalies that could theoretically be contained but are best left uncontained for whatever reasonArchon
45%

Score Distribution

Percentile by Number Answered

Percent of People with Each Score

Your Score History

You have not taken this quiz since the last reset